[Event "Deutsche Ländermeisterschaft 2020"]
[Site "Berlin GER"]
[Date "2020.09.30"]
[Round "2"]
[White "Klühs, Gustaf"]
[Black "Tovmasyan, Minas"]
[Result "1/2-1/2"]
[Termination "normal"]
[Board "4.4"]
[WhiteElo "1827"]
[BlackElo "1658"]
[WhiteClock "00:48:06"]
[BlackClock "00:28:46"]
[WhiteTeam "Berlin"]
[BlackTeam "Mecklenburg-Vorpommern"]
[PlyCount "88"]
[WhiteFideId "16228936"]
[BlackFideId "16247620"]
[EventCountry "GER"]
[EventRounds "7"]
[EventType "team-swiss"]
[EventDate "2020.09.29"]

1. Nf3 d5 2. g3 Nf6 3. Bg2 g6 4. O-O Bg7 5. d3 O-O 6. Nbd2 c6 7. c4 {[%clk
1:29:44]} Na6 {[%clk 1:14:24]} 8. a3 {[%clk 1:26:56]} h6 {[%clk 1:09:48]} 9.
Qc2 {[%clk 1:24:46]} Nc7 {[%clk 1:06:19]} 10. Rb1 {[%clk 1:21:53]} a5 {[%clk
1:05:25]} 11. b4 {[%clk 1:20:03]} axb4 {[%clk 1:05:46]} 12. axb4 {[%clk
1:20:27]} Be6 {[%clk 0:52:37]} 13. Bb2 {[%clk 1:14:23]} Qc8 {[%clk 0:44:21]}
14. Be5 {[%clk 1:10:35]} Nh5 {[%clk 0:36:01]} 15. Ra1 {[%clk 1:08:45]} f6
{[%clk 0:29:34]} 16. Rxa8 {[%clk 1:08:36]} Nxa8 {[%clk 0:29:57]} 17. Bd4 {[%clk
1:08:33]} Bf7 {[%clk 0:28:52]} 18. Ra1 {[%clk 1:05:47]} e5 {[%clk 0:27:45]} 19.
Bb2 {[%clk 1:03:52]} Re8 {[%clk 0:23:07]} 20. cxd5 {[%clk 0:50:48]} Bxd5 {[%clk
0:19:56]} 21. Nc4 {[%clk 0:51:08]} Bf8 {[%clk 0:09:29]} 22. Bc3 {[%clk
0:49:38]} Nc7 {[%clk 0:08:10]} 23. Nb6 {[%clk 0:48:26]} Qe6 {[%clk 0:07:49]}
24. e4 {[%clk 0:45:30]} Bb3 {[%clk 0:07:36]} 25. Qb2 {[%clk 0:45:36]} Nb5
{[%clk 0:06:27]} 26. Nd2 {[%clk 0:45:17]} c5 {[%clk 0:04:34]} 27. Ra5 {[%clk
0:38:59]} Nxc3 {[%clk 0:01:54]} 28. Qxc3 {[%clk 0:38:26]} Qxb6 {[%clk 0:01:47]}
29. bxc5 {[%clk 0:35:21]} Bxc5 {[%clk 0:01:31]} 30. Rxc5 {[%clk 0:33:57]} Be6
{[%clk 0:01:08]} 31. Bf3 {[%clk 0:33:40]} Ng7 {[%clk 0:00:50]} 32. Bd1 {[%clk
0:33:27]} Ra8 {[%clk 0:00:33]} 33. Bb3 {[%clk 0:30:04]} Bxb3 {[%clk 0:00:46]}
34. Nxb3 {[%clk 0:30:18]} Kh8 {[%clk 0:00:36]} 35. Qc4 {[%clk 0:29:21]} Qe6
{[%clk 0:00:39]} 36. Rb5 {[%clk 0:25:46]} Qxc4 {[%clk 0:00:33]} 37. dxc4 {[%clk
0:26:08]} Rc8 {[%clk 0:00:39]} 38. Nc5 {[%clk 0:21:26]} b6 {[%clk 0:00:33]} 39.
Nd7 {[%clk 0:21:43]} Rxc4 {[%clk 0:00:37]} 40. Rxb6 {[%clk 0:22:03]} Rc1+
{[%clk 0:00:31]} 41. Kg2 {[%clk 0:22:23]} Nh5 {[%clk 0:29:32]} 42. Rb8+ {[%clk
0:52:33]} Kg7 {[%clk 0:29:00]} 43. Rb7 {[%clk 0:52:19]} Kg8 {[%clk 0:28:46]}
44. Rb4 {[%clk 0:48:06]} Rc7 1/2-1/2

[Event "Deutsche Ländermeisterschaft 2020"]
[Site "Berlin GER"]
[Date "2020.09.30"]
[Round "2"]
[White "Herrmann, Jakob"]
[Black "Zhou, Lepu Coco"]
[Result "0-1"]
[Termination "normal"]
[Board "4.5"]
[WhiteElo "1504"]
[BlackElo "1872"]
[WhiteClock "00:04:43"]
[BlackClock "00:32:54"]
[WhiteTeam "Mecklenburg-Vorpommern"]
[BlackTeam "Berlin"]
[PlyCount "114"]
[WhiteFideId "16287169"]
[BlackFideId "16217136"]
[EventCountry "GER"]
[EventRounds "7"]
[EventType "team-swiss"]
[EventDate "2020.09.29"]

1. e4 {[%clk 1:30:54]} e5 {[%clk 1:30:51]} 2. Nf3 {[%clk 1:31:12]} Nc6 {[%clk
1:31:12]} 3. d4 {[%clk 1:31:29]} exd4 {[%clk 1:31:35]} 4. Nxd4 {[%clk 1:31:34]}
Nf6 {[%clk 1:31:56]} 5. Nxc6 {[%clk 1:30:49]} bxc6 {[%clk 1:32:21]} 6. e5
{[%clk 1:31:14]} Qe7 {[%clk 1:32:45]} 7. Qe2 {[%clk 1:31:10]} Nd5 {[%clk
1:33:10]} 8. c4 {[%clk 1:31:35]} Ba6 {[%clk 1:33:35]} 9. g3 {[%clk 1:31:19]} g6
{[%clk 1:33:50]} 10. b3 {[%clk 1:31:42]} f6 {[%clk 1:33:47]} 11. Bb2 {[%clk
1:27:17]} Bg7 {[%clk 1:34:05]} 12. exf6 {[%clk 1:26:53]} Qxe2+ {[%clk 1:34:18]}
13. Bxe2 {[%clk 1:27:12]} Bxf6 {[%clk 1:33:48]} 14. Bxf6 {[%clk 1:26:51]} Nxf6
{[%clk 1:34:14]} 15. Nc3 {[%clk 1:26:33]} O-O-O {[%clk 1:33:57]} 16. O-O-O
{[%clk 1:26:08]} d5 {[%clk 1:32:05]} 17. Rhe1 {[%clk 1:16:26]} Rhe8 {[%clk
1:26:31]} 18. Na4 {[%clk 0:54:14]} dxc4 {[%clk 1:19:23]} 19. Nc5 {[%clk
0:52:25]} Rxd1+ {[%clk 1:17:06]} 20. Kxd1 {[%clk 0:52:41]} Rd8+ {[%clk
1:08:39]} 21. Kc1 {[%clk 0:51:43]} Bb7 {[%clk 1:06:03]} 22. Bxc4 {[%clk
0:51:40]} Nd5 {[%clk 1:06:00]} 23. f4 {[%clk 0:48:20]} Kb8 {[%clk 1:04:44]} 24.
Bxd5 {[%clk 0:34:40]} cxd5 {[%clk 1:03:21]} 25. Re7 {[%clk 0:33:06]} h5 {[%clk
1:00:10]} 26. Nd7+ {[%clk 0:31:55]} Kc8 {[%clk 0:56:00]} 27. Ne5 {[%clk
0:32:10]} c5 {[%clk 0:50:27]} 28. Nxg6 {[%clk 0:31:52]} c4 {[%clk 0:50:00]} 29.
Kc2 {[%clk 0:29:41]} a5 {[%clk 0:48:01]} 30. f5 {[%clk 0:25:56]} Rd6 {[%clk
0:45:24]} 31. Re6 {[%clk 0:25:01]} Rxe6 {[%clk 0:45:36]} 32. fxe6 {[%clk
0:25:25]} d4 {[%clk 0:45:41]} 33. Ne5 {[%clk 0:23:41]} cxb3+ {[%clk 0:44:47]}
34. axb3 {[%clk 0:23:56]} Be4+ {[%clk 0:45:09]} 35. Kd2 {[%clk 0:23:40]} Kd8
{[%clk 0:45:28]} 36. Nc4 {[%clk 0:21:57]} a4 {[%clk 0:44:14]} 37. bxa4 {[%clk
0:21:30]} Ke7 {[%clk 0:44:35]} 38. a5 {[%clk 0:20:18]} Kxe6 {[%clk 0:44:51]}
39. a6 {[%clk 0:20:07]} Kd5 {[%clk 0:42:49]} 40. Nb2 {[%clk 0:18:48]} Kc5
{[%clk 0:42:20]} 41. Nd3+ {[%clk 0:18:21]} Kb6 {[%clk 0:38:40]} 42. Nf4 {[%clk
0:17:54]} Kxa6 {[%clk 0:37:03]} 43. Nxh5 {[%clk 0:18:10]} Kb6 {[%clk 0:35:26]}
44. Nf6 {[%clk 0:18:25]} Bb1 {[%clk 0:34:34]} 45. Ke2 {[%clk 0:08:24]} Kc6
{[%clk 0:33:56]} 46. Kf3 {[%clk 0:08:20]} Kd6 {[%clk 0:33:04]} 47. g4 {[%clk
0:08:37]} Ke5 48. g5 Kf5 {[%clk 0:32:40]} 49. h4 {[%clk 0:08:59]} Bc2 {[%clk
0:32:53]} 50. Nd5 {[%clk 0:07:47]} Be4+ 51. Ke2 {[%clk 0:07:58]} Bxd5 {[%clk
0:32:55]} 52. Kd3 {[%clk 0:05:46]} Ke5 {[%clk 0:33:12]} 53. h5 {[%clk 0:05:41]}
Be4+ {[%clk 0:33:36]} 54. Kd2 {[%clk 0:05:23]} Bf3 {[%clk 0:32:05]} 55. g6
{[%clk 0:03:52]} Bxh5 {[%clk 0:32:19]} 56. g7 {[%clk 0:04:17]} Bf7 {[%clk
0:32:43]} 57. Kd3 {[%clk 0:04:43]} Bg8 {[%clk 0:32:54]} 0-1

[Event "Deutsche Ländermeisterschaft 2020"]
[Site "Berlin GER"]
[Date "2020.09.30"]
[Round "2"]
[White "Nitsche, Nikolai"]
[Black "Müller, Sophie Charlotte"]
[Result "1-0"]
[Termination "normal"]
[Board "4.6"]
[WhiteElo "1721"]
[BlackElo "1459"]
[WhiteClock "00:27:03"]
[BlackClock "00:09:19"]
[WhiteTeam "Berlin"]
[BlackTeam "Mecklenburg-Vorpommern"]
[PlyCount "117"]
[WhiteFideId "16221036"]
[BlackFideId "16246683"]
[EventCountry "GER"]
[EventRounds "7"]
[EventType "team-swiss"]
[EventDate "2020.09.29"]

1. g3 {[%clk 1:30:28]} d6 {[%clk 1:30:43]} 2. Bg2 {[%clk 1:30:53]} g6 {[%clk
1:30:58]} 3. Nf3 {[%clk 1:31:16]} Bg7 {[%clk 1:31:04]} 4. O-O {[%clk 1:31:04]}
Nf6 {[%clk 1:31:22]} 5. d3 {[%clk 1:30:05]} O-O {[%clk 1:31:20]} 6. e4 {[%clk
1:30:05]} c6 {[%clk 1:30:48]} 7. c3 {[%clk 1:30:16]} Nbd7 {[%clk 1:30:10]} 8.
Bg5 {[%clk 1:30:08]} Qc7 {[%clk 1:29:20]} 9. Nbd2 {[%clk 1:29:33]} b5 {[%clk
1:27:31]} 10. Ne1 {[%clk 1:29:34]} e5 {[%clk 1:26:24]} 11. f4 {[%clk 1:28:13]}
Qb6+ {[%clk 1:21:48]} 12. Kh1 {[%clk 1:28:31]} h6 {[%clk 1:19:53]} 13. Bxf6
{[%clk 1:28:01]} Nxf6 {[%clk 1:19:35]} 14. f5 {[%clk 1:25:09]} g5 {[%clk
1:15:47]} 15. Bf3 {[%clk 1:21:39]} Bb7 {[%clk 1:08:24]} 16. Qe2 {[%clk
1:09:26]} d5 {[%clk 1:03:37]} 17. h4 {[%clk 1:06:20]} Rfc8 {[%clk 0:55:49]} 18.
Qg2 {[%clk 1:00:00]} g4 {[%clk 0:54:02]} 19. Bd1 {[%clk 0:57:53]} h5 {[%clk
0:53:29]} 20. d4 {[%clk 0:57:09]} Nxe4 {[%clk 0:45:33]} 21. Nxe4 {[%clk
0:57:15]} dxe4 {[%clk 0:45:55]} 22. f6 {[%clk 0:57:26]} Bh8 {[%clk 0:40:44]}
23. dxe5 {[%clk 0:55:29]} c5 {[%clk 0:36:20]} 24. Kh2 {[%clk 0:54:58]} Qe6
{[%clk 0:33:53]} 25. Nc2 {[%clk 0:40:10]} Qxe5 {[%clk 0:32:39]} 26. Ne3 {[%clk
0:40:24]} Bxf6 {[%clk 0:30:53]} 27. Bxg4 {[%clk 0:38:23]} Rd8 {[%clk 0:22:09]}
28. Rf5 {[%clk 0:37:21]} Qd6 {[%clk 0:21:11]} 29. Bxh5 {[%clk 0:34:58]} Qd2
{[%clk 0:17:28]} 30. Qf2 {[%clk 0:22:16]} Qxf2+ {[%clk 0:16:01]} 31. Rxf2
{[%clk 0:22:39]} Rd3 {[%clk 0:13:01]} 32. Re1 {[%clk 0:20:41]} Be5 {[%clk
0:11:19]} 33. Bxf7+ {[%clk 0:19:20]} Kh8 {[%clk 0:10:38]} 34. Bg6 {[%clk
0:19:16]} Rg8 {[%clk 0:09:03]} 35. h5 {[%clk 0:19:22]} Bc8 {[%clk 0:08:45]} 36.
Ree2 {[%clk 0:16:59]} b4 {[%clk 0:06:29]} 37. cxb4 {[%clk 0:16:44]} cxb4 {[%clk
0:06:39]} 38. Rf7 {[%clk 0:16:43]} Rg7 {[%clk 0:06:11]} 39. Rxg7 {[%clk
0:15:49]} Kxg7 {[%clk 0:06:35]} 40. Bxe4 {[%clk 0:16:10]} Rd8 {[%clk 0:04:41]}
41. b3 {[%clk 0:13:28]} Rg8 {[%clk 0:03:13]} 42. Nd5 {[%clk 0:12:05]} Kh6
{[%clk 0:01:49]} 43. Bg6 {[%clk 0:11:58]} Bd6 {[%clk 0:29:32]} 44. Re4 {[%clk
0:35:30]} Rf8 {[%clk 0:25:37]} 45. Nf4 {[%clk 0:35:02]} Bf5 {[%clk 0:23:03]}
46. Rd4 {[%clk 0:33:02]} Be5 {[%clk 0:21:40]} 47. Rd5 {[%clk 0:32:48]} Bxg6
{[%clk 0:20:33]} 48. Rxe5 {[%clk 0:31:37]} Bb1 {[%clk 0:18:27]} 49. Rb5 {[%clk
0:28:55]} Bxa2 {[%clk 0:15:48]} 50. Rxb4 {[%clk 0:29:20]} Bb1 {[%clk 0:14:00]}
51. Kh3 {[%clk 0:29:04]} Re8 {[%clk 0:12:22]} 52. Ra4 {[%clk 0:28:05]} Bf5+
{[%clk 0:12:13]} 53. g4 {[%clk 0:27:57]} Re3+ {[%clk 0:11:19]} 54. Kh4 {[%clk
0:28:12]} Bc2 {[%clk 0:10:25]} 55. g5+ {[%clk 0:28:01]} Kg7 {[%clk 0:10:06]}
56. Rxa7+ {[%clk 0:28:00]} Kf8 {[%clk 0:10:19]} 57. g6 {[%clk 0:27:47]} Re7
{[%clk 0:09:05]} 58. Rxe7 {[%clk 0:27:10]} Kxe7 {[%clk 0:09:19]} 59. b4 {[%clk
0:27:03]} 1-0

[Event "Deutsche Ländermeisterschaft 2020"]
[Site "Berlin GER"]
[Date "2020.09.30"]
[Round "2"]
[White "Avetyan, Manan"]
[Black "Fock, Sana"]
[Result "0-1"]
[Termination "normal"]
[Board "4.7"]
[WhiteElo "1356"]
[BlackElo "1829"]
[WhiteClock "00:03:39"]
[BlackClock "00:25:13"]
[WhiteTeam "Mecklenburg-Vorpommern"]
[BlackTeam "Berlin"]
[PlyCount "63"]
[WhiteFideId "16244737"]
[BlackFideId "12981966"]
[EventCountry "GER"]
[EventRounds "7"]
[EventType "team-swiss"]
[EventDate "2020.09.29"]

1. e4 {[%clk 1:30:57]} c5 {[%clk 1:30:54]} 2. Nf3 {[%clk 1:31:12]} d6 {[%clk
1:31:17]} 3. d4 {[%clk 1:31:36]} cxd4 {[%clk 1:31:43]} 4. Nxd4 {[%clk 1:32:03]}
Nf6 {[%clk 1:32:06]} 5. Nc3 {[%clk 1:32:29]} a6 {[%clk 1:32:32]} 6. g3 {[%clk
1:31:37]} e5 {[%clk 1:31:27]} 7. Nf3 {[%clk 1:30:51]} Be7 {[%clk 1:31:18]} 8.
Bg2 {[%clk 1:30:40]} O-O {[%clk 1:31:13]} 9. O-O {[%clk 1:30:34]} b5 {[%clk
1:29:51]} 10. a3 {[%clk 1:27:27]} Bb7 {[%clk 1:29:43]} 11. Re1 {[%clk 1:25:28]}
Nbd7 {[%clk 1:28:47]} 12. Nh4 {[%clk 1:00:43]} Re8 {[%clk 1:23:19]} 13. Kh1
{[%clk 0:54:45]} Nb6 {[%clk 1:21:02]} 14. Nf5 {[%clk 0:37:23]} Bf8 {[%clk
1:13:13]} 15. Be3 {[%clk 0:25:00]} Rc8 {[%clk 1:08:22]} 16. f4 {[%clk 0:12:17]}
Nc4 {[%clk 1:06:50]} 17. Bc1 {[%clk 0:11:17]} g6 {[%clk 1:03:02]} 18. fxe5
{[%clk 0:07:12]} Rxe5 19. Nh6+ {[%clk 0:04:07]} Bxh6 {[%clk 0:55:13]} 20. Bxh6
{[%clk 0:04:34]} Nxb2 {[%clk 0:45:04]} 21. Qf3 {[%clk 0:02:30]} Qe7 22. Bf4
Rec5 {[%clk 0:43:45]} 23. Nd5 {[%clk 0:02:33]} Nxd5 {[%clk 0:32:55]} 24. exd5
{[%clk 0:02:42]} Qf8 {[%clk 0:33:03]} 25. Re2 {[%clk 0:01:52]} Bxd5 {[%clk
0:32:03]} 26. Qe3 {[%clk 0:02:04]} Rc3 {[%clk 0:26:04]} 27. Qd4 {[%clk
0:02:05]} Bxg2+ {[%clk 0:25:58]} 28. Rxg2 {[%clk 0:02:31]} Rxc2 {[%clk
0:24:32]} 29. Rxc2 {[%clk 0:02:59]} Rxc2 {[%clk 0:24:54]} 30. Ra2 {[%clk
0:03:22]} Qa8+ {[%clk 0:25:13]} 31. Kg1 {[%clk 0:03:39]} Qg2# 32. Qd1 0-1

[Event "Deutsche Ländermeisterschaft 2020"]
[Site "Berlin GER"]
[Date "2020.09.30"]
[Round "2"]
[White "Lorenz, Veronika"]
[Black "Khanbekyan, Nare"]
[Result "1-0"]
[Termination "normal"]
[Board "4.8"]
[WhiteElo "1273"]
[BlackElo "1334"]
[WhiteClock "00:26:14"]
[BlackClock "00:17:17"]
[WhiteTeam "Berlin"]
[BlackTeam "Mecklenburg-Vorpommern"]
[PlyCount "59"]
[WhiteFideId "16277406"]
[BlackFideId "16270916"]
[EventCountry "GER"]
[EventRounds "7"]
[EventType "team-swiss"]
[EventDate "2020.09.29"]

1. e4 {[%clk 1:30:57]} c5 {[%clk 1:30:54]} 2. d4 {[%clk 1:30:59]} cxd4 {[%clk
1:31:06]} 3. c3 {[%clk 1:31:20]} dxc3 {[%clk 1:30:50]} 4. Nxc3 {[%clk 1:31:43]}
Nc6 {[%clk 1:30:32]} 5. Nf3 {[%clk 1:31:59]} g6 {[%clk 1:30:30]} 6. Bc4 {[%clk
1:30:02]} Bg7 {[%clk 1:29:13]} 7. Be3 {[%clk 1:28:04]} Nf6 {[%clk 1:28:17]} 8.
O-O {[%clk 1:27:48]} O-O {[%clk 1:27:42]} 9. Qe2 {[%clk 1:27:36]} d6 {[%clk
1:26:15]} 10. Rfd1 {[%clk 1:27:27]} Bd7 {[%clk 1:21:15]} 11. Rac1 {[%clk
1:20:07]} Rc8 {[%clk 1:17:48]} 12. Bb3 {[%clk 1:09:09]} Ng4 {[%clk 1:12:48]}
13. Bf4 {[%clk 1:07:22]} Nge5 {[%clk 1:08:51]} 14. Qe3 {[%clk 1:03:50]} a6
{[%clk 0:58:59]} 15. Nd5 {[%clk 0:47:15]} b5 {[%clk 0:49:40]} 16. Nxe5 {[%clk
0:36:46]} Nxe5 {[%clk 0:47:35]} 17. Bg5 {[%clk 0:34:17]} Re8 {[%clk 0:41:27]}
18. Rxc8 {[%clk 0:27:30]} Bxc8 {[%clk 0:40:59]} 19. Rc1 {[%clk 0:26:32]} Be6
{[%clk 0:38:46]} 20. Nc7 {[%clk 0:26:26]} Bxb3 {[%clk 0:30:33]} 21. Nxe8 {[%clk
0:26:19]} Bxa2 {[%clk 0:28:59]} 22. Nxg7 {[%clk 0:26:05]} Kxg7 {[%clk 0:29:06]}
23. Bh6+ {[%clk 0:26:15]} Kg8 {[%clk 0:28:24]} 24. Qc3 {[%clk 0:26:23]} Be6
{[%clk 0:27:05]} 25. f4 {[%clk 0:26:35]} f6 {[%clk 0:24:11]} 26. fxe5 {[%clk
0:26:45]} dxe5 {[%clk 0:24:11]} 27. Qc7 {[%clk 0:25:25]} Qd4+ {[%clk 0:18:56]}
28. Kh1 {[%clk 0:25:43]} Qb4 {[%clk 0:17:36]} 29. Qd8+ {[%clk 0:25:52]} Kf7
{[%clk 0:17:17]} 30. Qf8# {[%clk 0:26:14]} 1-0

[Event "Deutsche Ländermeisterschaft 2020"]
[Site "Berlin GER"]
[Date "2020.09.30"]
[Round "2"]
[White "Gallasch, Jonas"]
[Black "Tiarks, Jann-Christian"]
[Result "1-0"]
[Termination "normal"]
[Board "6.3"]
[BlackTitle "CM"]
[WhiteElo "2090"]
[BlackElo "2151"]
[WhiteClock "00:08:02"]
[BlackClock "00:38:54"]
[WhiteTeam "Nordrhein-Westfalen"]
[BlackTeam "Brandenburg"]
[PlyCount "67"]
[WhiteFideId "16222474"]
[BlackFideId "12951595"]
[EventCountry "GER"]
[EventRounds "7"]
[EventType "team-swiss"]
[EventDate "2020.09.29"]

1. d4 {[%clk 1:30:56]} d5 {[%clk 1:30:50]} 2. c4 {[%clk 1:31:21]} e6 {[%clk
1:30:40]} 3. Nc3 {[%clk 1:31:42]} c6 {[%clk 1:31:02]} 4. cxd5 {[%clk 1:31:54]}
exd5 {[%clk 1:31:23]} 5. Qc2 {[%clk 1:32:19]} Nf6 {[%clk 1:31:13]} 6. Bg5
{[%clk 1:32:42]} Be7 {[%clk 1:31:36]} 7. e3 {[%clk 1:33:02]} O-O {[%clk
1:31:36]} 8. Bd3 {[%clk 1:33:21]} Nbd7 {[%clk 1:31:51]} 9. Nf3 {[%clk 1:33:31]}
Re8 {[%clk 1:31:59]} 10. O-O {[%clk 1:33:50]} h6 {[%clk 1:27:33]} 11. Bh4
{[%clk 1:32:32]} Ne4 {[%clk 1:20:47]} 12. Bxe7 {[%clk 1:27:43]} Qxe7 {[%clk
1:20:55]} 13. Rab1 {[%clk 1:26:55]} Ndf6 {[%clk 1:17:37]} 14. b4 {[%clk
1:22:53]} Bf5 {[%clk 1:14:38]} 15. Na4 {[%clk 1:16:32]} a5 {[%clk 1:10:12]} 16.
Nb6 {[%clk 1:04:58]} Ra7 {[%clk 1:08:53]} 17. b5 {[%clk 1:03:06]} cxb5 {[%clk
1:06:15]} 18. Rxb5 {[%clk 1:01:52]} Be6 {[%clk 1:01:28]} 19. Ne5 {[%clk
0:55:01]} Ra6 {[%clk 0:58:29]} 20. Rc1 {[%clk 0:35:41]} Nd6 {[%clk 0:55:00]}
21. Rbb1 {[%clk 0:32:21]} Ra7 {[%clk 0:54:43]} 22. Qa4 {[%clk 0:30:03]} Nc8
{[%clk 0:53:15]} 23. Qb5 {[%clk 0:19:03]} Ra6 {[%clk 0:49:03]} 24. Na4 {[%clk
0:14:38]} Nd6 {[%clk 0:49:15]} 25. Qb3 {[%clk 0:12:43]} Raa8 {[%clk 0:47:52]}
26. Nb6 {[%clk 0:12:39]} Rad8 {[%clk 0:46:25]} 27. Qa4 {[%clk 0:12:16]} Bf5
{[%clk 0:45:10]} 28. Bxf5 {[%clk 0:11:50]} Nxf5 {[%clk 0:45:35]} 29. Qxa5
{[%clk 0:12:11]} Ne4 {[%clk 0:41:10]} 30. Nxd5 {[%clk 0:08:28]} Qh4 {[%clk
0:41:12]} 31. Rb2 {[%clk 0:08:24]} Qg5 {[%clk 0:39:45]} 32. Nf3 {[%clk
0:08:02]} Qg4 {[%clk 0:39:14]} 33. h3 {[%clk 0:08:04]} Qh5 {[%clk 0:38:54]} 34.
Nf4 {[%clk 0:08:02]} 1-0

[Event "Deutsche Ländermeisterschaft 2020"]
[Site "Berlin GER"]
[Date "2020.09.30"]
[Round "2"]
[White "Nguyen, Ha Thanh"]
[Black "Bildat, Emilia"]
[Result "1/2-1/2"]
[Termination "normal"]
[Board "7.5"]
[WhiteElo "2019"]
[BlackElo "1704"]
[WhiteClock "00:24:06"]
[BlackClock "00:31:40"]
[WhiteTeam "Thüringen"]
[BlackTeam "Bremen"]
[PlyCount "95"]
[WhiteFideId "12942154"]
[BlackFideId "16218140"]
[EventCountry "GER"]
[EventRounds "7"]
[EventType "team-swiss"]
[EventDate "2020.09.29"]

1. e4 {[%clk 1:30:58]} c5 {[%clk 1:30:48]} 2. Nf3 {[%clk 1:31:20]} g6 {[%clk
1:31:06]} 3. d4 {[%clk 1:31:20]} cxd4 {[%clk 1:31:28]} 4. Nxd4 {[%clk 1:31:45]}
Bg7 {[%clk 1:31:47]} 5. Nc3 {[%clk 1:31:28]} Nc6 {[%clk 1:31:51]} 6. Be3 {[%clk
1:31:11]} Nf6 {[%clk 1:31:22]} 7. Bc4 {[%clk 1:30:32]} O-O {[%clk 1:31:14]} 8.
Bb3 {[%clk 1:27:28]} d5 {[%clk 1:27:02]} 9. exd5 {[%clk 1:24:43]} Na5 {[%clk
1:26:44]} 10. Nf3 {[%clk 1:22:38]} Nxb3 {[%clk 1:23:14]} 11. axb3 {[%clk
1:22:51]} b6 {[%clk 1:21:16]} 12. Qd2 {[%clk 1:15:30]} Bb7 {[%clk 1:17:46]} 13.
Rd1 {[%clk 1:14:15]} Qc8 {[%clk 1:15:11]} 14. O-O {[%clk 1:03:09]} Rd8 {[%clk
1:14:35]} 15. Bh6 {[%clk 0:56:32]} Bxd5 {[%clk 1:07:42]} 16. Bxg7 {[%clk
0:52:41]} Kxg7 {[%clk 1:08:03]} 17. Nxd5 {[%clk 0:51:17]} Rxd5 {[%clk 1:06:50]}
18. Qe2 {[%clk 0:51:17]} Rxd1 {[%clk 1:04:37]} 19. Rxd1 {[%clk 0:51:41]} Qc7
{[%clk 1:04:44]} 20. Qd3 {[%clk 0:50:00]} e5 {[%clk 0:59:23]} 21. Qc3 {[%clk
0:43:43]} Qxc3 {[%clk 0:56:29]} 22. bxc3 {[%clk 0:44:08]} e4 {[%clk 0:56:44]}
23. Nd4 {[%clk 0:42:40]} a5 {[%clk 0:49:22]} 24. Ra1 {[%clk 0:37:21]} Nd5
{[%clk 0:45:45]} 25. c4 {[%clk 0:37:37]} Nc3 {[%clk 0:45:51]} 26. Kf1 {[%clk
0:37:25]} Rd8 {[%clk 0:44:42]} 27. Ne2 {[%clk 0:32:54]} Nd1 {[%clk 0:39:08]}
28. c5 {[%clk 0:28:51]} bxc5 {[%clk 0:34:36]} 29. Rxa5 {[%clk 0:29:00]} e3
{[%clk 0:28:04]} 30. Rxc5 {[%clk 0:23:03]} exf2 {[%clk 0:22:45]} 31. Nc3 {[%clk
0:18:33]} Ne3+ {[%clk 0:21:42]} 32. Kxf2 {[%clk 0:18:57]} Nxc2 {[%clk 0:21:33]}
33. Nd5 {[%clk 0:13:11]} Nd4 {[%clk 0:20:13]} 34. b4 {[%clk 0:08:19]} Rb8
{[%clk 0:19:55]} 35. Ke3 {[%clk 0:07:44]} Nb5 {[%clk 0:19:37]} 36. Kd3 {[%clk
0:07:08]} f5 {[%clk 0:19:04]} 37. Rc6 {[%clk 0:05:04]} g5 {[%clk 0:17:44]} 38.
Rb6 {[%clk 0:04:37]} Rxb6 {[%clk 0:17:53]} 39. Nxb6 {[%clk 0:05:04]} f4 {[%clk
0:16:45]} 40. Nd5 {[%clk 0:04:39]} Kf7 {[%clk 0:13:02]} 41. Kc4 {[%clk
0:29:27]} Nd6+ {[%clk 0:36:38]} 42. Kc5 {[%clk 0:27:53]} Ke6 {[%clk 0:35:08]}
43. h3 {[%clk 0:25:43]} h5 {[%clk 0:32:13]} 44. h4 {[%clk 0:25:34]} Nb7+ {[%clk
0:31:30]} 45. Kd4 {[%clk 0:25:20]} gxh4 {[%clk 0:31:17]} 46. Nxf4+ {[%clk
0:24:26]} Kf5 {[%clk 0:31:40]} 47. Ke3 {[%clk 0:24:06]} Ke5 48. Ke4+ 1/2-1/2

[Event "Deutsche Ländermeisterschaft 2020"]
[Site "Berlin GER"]
[Date "2020.09.30"]
[Round "2"]
[White "Zimmer, Luca"]
[Black "Khachatryan, Taron"]
[Result "0-1"]
[Termination "normal"]
[Board "8.3"]
[WhiteElo "1690"]
[BlackElo "2136"]
[WhiteTeam "Saarland"]
[BlackTeam "Schleswig-Holstein"]
[PlyCount "92"]
[WhiteFideId "12921424"]
[BlackFideId "16216598"]
[EventCountry "GER"]
[EventRounds "7"]
[EventType "team-swiss"]
[EventDate "2020.09.29"]

1. e4 c5 2. d4 cxd4 3. c3 Nf6 4. e5 Nd5 5. Bc4 Nb6 6. Bb3 e6 7. cxd4 d6 8. Nf3
Nc6 9. O-O Qc7 10. Qe2 dxe5 11. dxe5 Be7 12. Nc3 O-O 13. Nb5 Qb8 14. Bf4 Nd7
15. Rac1 Rd8 16. Rfd1 Nf8 17. Nd6 Ng6 18. Bg3 Bd7 19. h4 h6 20. h5 Nf8 21. Bh4
Be8 22. Bxe7 Nxe7 23. Nh2 Nf5 24. Nxe8 Rxd1+ 25. Qxd1 Qxe8 26. Rc7 Qb5 27. Nf3
Qb6 28. Qc1 Ng3 29. Qc5 Qxc5 30. Rxc5 Nxh5 31. Rc4 g5 32. Nh2 Nf4 33. g3 Nd3
34. Ng4 Kg7 35. f4 gxf4 36. gxf4 b5 37. Rc2 Nxf4 38. Rh2 N8g6 39. Bc2 Rc8 40.
Bxg6 Nxg6 41. Re2 h5 42. Nf6 h4 43. Kf2 Rc5 44. Ng4 Rc4 45. Nf6 Rf4+ 46. Kg2
Rf5 0-1

[Event "Deutsche Ländermeisterschaft 2020"]
[Site "Berlin GER"]
[Date "2020.09.30"]
[Round "2"]
[White "Farokhi, Keyvan"]
[Black "Hoppstädter, Daniel"]
[Result "1-0"]
[Termination "normal"]
[Board "8.4"]
[WhiteElo "2001"]
[BlackElo "1712"]
[WhiteTeam "Schleswig-Holstein"]
[BlackTeam "Saarland"]
[PlyCount "85"]
[WhiteFideId "12998630"]
[BlackFideId "16243625"]
[EventCountry "GER"]
[EventRounds "7"]
[EventType "team-swiss"]
[EventDate "2020.09.29"]

1. e4 c5 2. Nf3 d6 3. d4 cxd4 4. Nxd4 Nf6 5. Nc3 g6 6. Be3 Bg7 7. f3 O-O 8. Qd2
Nc6 9. g4 Be6 10. Nxe6 fxe6 11. h4 Ne5 12. Be2 d5 13. g5 Nh5 14. O-O-O Rc8 15.
exd5 Qa5 16. Bd4 Nf4 17. Qe3 Nc4 18. Bxc4 Rxc4 19. Bxg7 Kxg7 20. dxe6 Rf5 21.
Rd7 Kf8 22. Rxb7 Nd5 23. Nxd5 Qxd5 24. Rb8+ Kg7 25. h5 gxh5 26. Re8 Rxf3 27.
Rxe7+ Kf8 28. Qxf3+ Qxf3 29. Rf7+ Qxf7 30. exf7 h4 31. Rf1 Rg4 32. Rf6 Rxg5 33.
Rh6 Rg1+ 34. Kd2 Rh1 35. Rxh7 h3 36. Kc3 h2 37. Kb3 Ke7 38. c4 Kf8 39. c5 Ke7
40. Kc2 a5 41. c6 Rf1 42. c7 Rxf7 43. c8=Q 1-0